[Event "Madrid-ch Veteranos 2016/2017"]
[Site "Madrid ESP"]
[Date "2017.01.18"]
[Round "8.3"]
[White "Lopez De Turiso, Jose Angel"]
[Black "Sanchez Garcia, Aurelio"]
[Result "1/2-1/2"]
[WhiteElo "2019"]
[BlackElo "2131"]
[PlyCount "87"]
[EventDate "2017.01.09"]
[EventType "swiss"]
[EventRounds "9"]
[EventCountry "ESP"]
[SourceTitle "Ajedrez en Madrid"]
[Source "lmi"]
[SourceDate "2017.01.09"]

1. e4 d6 2. d4 Nf6 3. Nc3 e5 4. Nf3 Nbd7 5. Bc4 Be7 6. Ng5 O-O 7. Bxf7+ Rxf7 8.
Ne6 Qe8 9. Nxc7 Qd8 10. Nxa8 b6 11. d5 Ba6 12. f3 Qxa8 13. a4 Qc8 14. Nb5 Qc5
15. Qe2 Nh5 16. Be3 Qc8 17. Nxa7 Qb7 18. Nb5 Nf4 19. Qd2 Nc5 20. Bxc5 bxc5 21.
c4 Qb6 22. O-O Bg5 23. Qc2 Rf6 24. g3 Ng6 25. Ra3 h5 26. a5 Qd8 27. Qa4 Bd2 28.
Rfa1 Nh4 29. Rf1 Qd7 30. Qb3 Qh3 31. Rf2 Be1 32. Qe3 Bxf2+ 33. Qxf2 Ng6 34. Nc7
Qc8 35. Nxa6 Qxa6 36. Qc2 Rf7 37. Qa4 Rb7 38. Qe8+ Kh7 39. b3 Kh6 40. h4 Ra7
41. Qd8 Ne7 42. Qh8+ Kg6 43. Qe8+ Kh6 44. Qh8+ 1/2-1/2

[Event "Madrid-ch Veteranos 2016/2017"]
[Site "Madrid ESP"]
[Date "2017.01.18"]
[Round "8.4"]
[White "Pastor Alonso de Prado, Emilio Alberto"]
[Black "Serrano Garcia, Vicente"]
[Result "1-0"]
[WhiteElo "2113"]
[BlackElo "1807"]
[PlyCount "111"]
[EventDate "2017.01.09"]
[EventType "swiss"]
[EventRounds "9"]
[EventCountry "ESP"]
[SourceTitle "Ajedrez en Madrid"]
[Source "lmi"]
[SourceDate "2017.01.09"]

1. e4 e6 2. d4 d5 3. e5 c5 4. c3 Nc6 5. Nf3 Bd7 6. Be2 cxd4 7. cxd4 Nge7 8. Na3
Nf5 9. Nc2 Nb4 10. Ne3 Nxe3 11. fxe3 Qb6 12. a3 Nc6 13. O-O Be7 14. b4 a6 15.
Ne1 Na7 16. Nd3 Bb5 17. Bb2 a5 18. Nc5 O-O 19. a4 Bxe2 20. Qxe2 Rfd8 21. Qf3
Bxc5 22. Qxf7+ Kh8 23. dxc5 Qxb4 24. Bd4 Nc6 25. Rab1 Qd2 26. Rxb7 Rg8 27. Qf2
Qd3 28. Rc7 Qa6 29. Rb1 Raf8 30. Qd2 Nb4 31. h3 Rc8 32. Re7 Rgf8 33. Qe1 Rce8
34. Rxe8 Rxe8 35. Qf2 Qd3 36. Rf1 Rg8 37. Qf7 Qg6 38. Qxg6 hxg6 39. Rf7 Rc8 40.
Rb7 Nc6 41. Kf2 g5 42. Ke2 Kh7 43. Bc3 Kg6 44. g4 Kh7 45. Rb5 Kg8 46. Bxa5 Nxe5
47. Bb6 Ra8 48. Bc7 Nc6 49. Rb6 Na5 50. Rxe6 Nb3 51. c6 Rxa4 52. Bd8 d4 53. c7
Rc4 54. Rb6 Rc2+ 55. Ke1 d3 56. Rxb3 1-0

[Event "Madrid-ch Veteranos 2016/2017"]
[Site "Madrid ESP"]
[Date "2017.01.18"]
[Round "8.5"]
[White "Lopez Heras, Arturo"]
[Black "Martin Rodriguez, Emilio"]
[Result "0-1"]
[WhiteElo "1837"]
[BlackElo "2056"]
[PlyCount "50"]
[EventDate "2017.01.09"]
[EventType "swiss"]
[EventRounds "9"]
[EventCountry "ESP"]
[SourceTitle "Ajedrez en Madrid"]
[Source "lmi"]
[SourceDate "2017.01.09"]

1. d4 d5 2. c4 c6 3. a4 Nf6 4. Nf3 g6 5. Nc3 Bg7 6. Bf4 Ne4 7. e3 O-O 8. Bd3
Nxc3 9. bxc3 c5 10. cxd5 Qxd5 11. O-O c4 12. e4 Qe6 13. d5 Qg4 14. Bxb8 cxd3
15. Be5 Qxe4 16. Re1 Qxd5 17. Bxg7 Kxg7 18. Rxe7 b6 19. c4 Qxc4 20. Rc1 Qd5 21.
Rcc7 Be6 22. Ng5 Qxg5 23. Rxe6 Rac8 24. Ree7 d2 25. h4 Qxe7 0-1

[Event "Madrid-ch Veteranos 2016/2017"]
[Site "Madrid ESP"]
[Date "2017.01.18"]
[Round "8.6"]
[White "Marcos Herrero, Francisco"]
[Black "Cabanas Bravo, Juan Andres"]
[Result "1-0"]
[WhiteElo "1918"]
[BlackElo "2008"]
[PlyCount "63"]
[EventDate "2017.01.09"]
[EventType "swiss"]
[EventRounds "9"]
[EventCountry "ESP"]
[SourceTitle "Ajedrez en Madrid"]
[Source "lmi"]
[SourceDate "2017.01.09"]

1. Nf3 Nf6 2. c4 g6 3. b4 Bg7 4. Bb2 O-O 5. g3 c6 6. Bg2 a5 7. b5 a4 8. Na3
cxb5 9. cxb5 Qb6 10. O-O d5 11. d3 Bg4 12. Rb1 Rc8 13. Qd2 Qd6 14. Nc2 Qd8 15.
Ne3 Bd7 16. Bxf6 exf6 17. Nxd5 Rc5 18. Nc3 Qa5 19. Rfc1 b6 20. d4 Rc7 21. Nd5
Qxd2 22. Nxd2 Rxc1+ 23. Rxc1 Ra5 24. Nxb6 Bf5 25. Bc6 Bf8 26. Ndc4 Ra7 27. Nd5
Kg7 28. Nde3 Bh3 29. f3 h5 30. Kf2 Nxc6 31. bxc6 Bc8 32. Nb6 1-0

[Event "Madrid-ch Veteranos 2016/2017"]
[Site "Madrid ESP"]
[Date "2017.01.18"]
[Round "8.7"]
[White "Lorenzo Bailador, Alfredo"]
[Black "Paarup, Torsten"]
[Result "1/2-1/2"]
[WhiteElo "1999"]
[BlackElo "1979"]
[PlyCount "67"]
[EventDate "2017.01.09"]
[EventType "swiss"]
[EventRounds "9"]
[EventCountry "ESP"]
[SourceTitle "Ajedrez en Madrid"]
[Source "lmi"]
[SourceDate "2017.01.09"]

1. e4 c5 2. c3 d5 3. exd5 Nf6 4. Bb5+ Nbd7 5. c4 a6 6. Bxd7+ Qxd7 7. Nf3 e6 8.
Qe2 Be7 9. dxe6 Qxe6 10. Qxe6 Bxe6 11. b3 O-O 12. d4 b5 13. d5 Bf5 14. Nbd2
Nxd5 15. cxd5 Bf6 16. Rb1 Rfe8+ 17. Kd1 Bxb1 18. Nxb1 Rad8 19. Re1 Rxd5+ 20.
Kc2 Red8 21. Nc3 Bxc3 22. Kxc3 Rd3+ 23. Kc2 f6 24. Re3 R3d5 25. Re6 R8d6 26.
Rxd6 Rxd6 27. Be3 Rd5 28. Ne1 c4 29. bxc4 bxc4 30. Nf3 Ra5 31. Kb2 Rb5+ 32. Kc3
Ra5 33. Kb2 Rb5+ 34. Kc3 1/2-1/2

[Event "Madrid-ch Veteranos 2016/2017"]
[Site "Madrid ESP"]
[Date "2017.01.18"]
[Round "8.8"]
[White "Losada Gonzalez, Andres"]
[Black "Serrano Baylin, Francisco"]
[Result "0-1"]
[WhiteElo "1772"]
[BlackElo "1962"]
[PlyCount "82"]
[EventDate "2017.01.09"]
[EventType "swiss"]
[EventRounds "9"]
[EventCountry "ESP"]
[SourceTitle "Ajedrez en Madrid"]
[Source "lmi"]
[SourceDate "2017.01.09"]

1. e4 e5 2. Nf3 d6 3. d4 exd4 4. Nxd4 Nf6 5. Nc3 Be7 6. Be2 O-O 7. O-O Re8 8.
f4 Bf8 9. Bf3 c6 10. a4 Qc7 11. Re1 a5 12. Be3 Na6 13. Bf2 Nc5 14. Kh1 Ne6 15.
Bg3 Nxd4 16. Qxd4 Bg4 17. Bxg4 Nxg4 18. h3 Nh6 19. f5 f6 20. Rad1 Nf7 21. Ne2
Ne5 22. Nf4 Be7 23. Re3 Kh8 24. Rb3 Rab8 25. Ne6 Qc8 26. Be1 c5 27. Qd5 b6 28.
Rg3 Rg8 29. Bc3 Nc6 30. Rf1 Nd8 31. Qd1 Nxe6 32. fxe6 Qxe6 33. Rf4 g6 34. Rgf3
Rgf8 35. Qf1 Kg7 36. Qf2 Rf7 37. Qg3 Kg8 38. Qf2 Rbf8 39. h4 g5 40. Rf5 h6 41.
Qe2 Rg7 0-1

[Event "Madrid-ch Veteranos 2016/2017"]
[Site "Madrid ESP"]
[Date "2017.01.18"]
[Round "8.9"]
[White "Quintero Torres, Pedro"]
[Black "Campos Calvo-Sotelo, Juan"]
[Result "1/2-1/2"]
[WhiteElo "1942"]
[BlackElo "1896"]
[PlyCount "101"]
[EventDate "2017.01.09"]
[EventType "swiss"]
[EventRounds "9"]
[EventCountry "ESP"]
[SourceTitle "Ajedrez en Madrid"]
[Source "lmi"]
[SourceDate "2017.01.09"]

1. c4 Nc6 2. d4 d6 3. Nc3 e5 4. dxe5 Nxe5 5. e4 Bd7 6. Be2 Nf6 7. Nf3 Be7 8.
Nxe5 dxe5 9. O-O O-O 10. Be3 a6 11. f3 Qc8 12. Rc1 Rd8 13. Qb3 Kh8 14. Nd5 Bf8
15. Bg5 Nxd5 16. cxd5 f6 17. Be3 Qb8 18. Rc2 Bd6 19. Rfc1 b6 20. a4 a5 21. Bb5
Be8 22. Bc6 Bxc6 23. Rxc6 h6 24. h3 Rd7 25. Qb5 Qe8 26. Kh2 Rad8 27. Bd2 Qf7
28. b4 Bxb4 29. Bxb4 axb4 30. Qxb4 f5 31. Qc4 fxe4 32. fxe4 Qf4+ 33. Kh1 Rf8
34. Qe2 Rff7 35. R6c3 g5 36. Rc6 Qh4 37. Rf1 Kg7 38. Rf3 Rxf3 39. Qxf3 Rf7 40.
Qe2 h5 41. Rc1 Qf4 42. Re1 g4 43. hxg4 hxg4 44. Kg1 g3 45. Rf1 Qxf1+ 46. Qxf1
Rxf1+ 47. Kxf1 Kg6 48. Ke2 Kg5 49. Kf3 Kh4 50. Ke2 Kg4 51. Ke3 1/2-1/2

[Event "Madrid-ch Veteranos 2016/2017"]
[Site "Madrid ESP"]
[Date "2017.01.18"]
[Round "8.10"]
[White "Fernandez Garcia, Ignacio"]
[Black "Martin Martin, Luis Vicente"]
[Result "1-0"]
[WhiteElo "1833"]
[BlackElo "1943"]
[PlyCount "57"]
[EventDate "2017.01.09"]
[EventType "swiss"]
[EventRounds "9"]
[EventCountry "ESP"]
[SourceTitle "Ajedrez en Madrid"]
[Source "lmi"]
[SourceDate "2017.01.09"]

1. e4 g6 2. d4 Bg7 3. Be3 c5 4. c3 cxd4 5. cxd4 d5 6. e5 Nc6 7. Nc3 f6 8. f4
Nh6 9. Nf3 Bg4 10. Bd3 fxe5 11. fxe5 O-O 12. O-O Nf5 13. Bxf5 Bxf5 14. Qd2 Rc8
15. Bh6 Na5 16. Bxg7 Kxg7 17. b3 Nc6 18. Ng5 Qd7 19. Ne2 h6 20. Nf3 g5 21. Nxg5
hxg5 22. Qxg5+ Bg6 23. Nf4 Rxf4 24. Rxf4 Rh8 25. Raf1 Nd8 26. h3 Rh5 27. Qg3
Kh6 28. Rf8 Kh7 29. Rh8+ 1-0

[Event "Madrid-ch Veteranos 2016/2017"]
[Site "Madrid ESP"]
[Date "2017.01.18"]
[Round "8.11"]
[White "Hernandez Gutierrez, Jose"]
[Black "Sotoca Aguado, Jose"]
[Result "1/2-1/2"]
[WhiteElo "1816"]
[BlackElo "1924"]
[PlyCount "78"]
[EventDate "2017.01.09"]
[EventType "swiss"]
[EventRounds "9"]
[EventCountry "ESP"]
[SourceTitle "Ajedrez en Madrid"]
[Source "lmi"]
[SourceDate "2017.01.09"]

1. d4 Nf6 2. c4 e6 3. g3 Bb4+ 4. Bd2 Qe7 5. Bg2 O-O 6. Nc3 Bxc3 7. Bxc3 d5 8.
Qb3 Rd8 9. Nf3 Ne4 10. O-O c6 11. Nd2 Nxc3 12. Qxc3 Nd7 13. e4 Nb6 14. c5 Nd7
15. e5 Rf8 16. f4 Nb8 17. Rf2 b6 18. b4 bxc5 19. bxc5 Qc7 20. Rb1 Nd7 21. Nf3
Rb8 22. Rfb2 Rxb2 23. Rxb2 Ba6 24. Bf1 Bxf1 25. Kxf1 Rb8 26. Rxb8+ Qxb8 27. Qb3
Qc8 28. Qa4 Qb7 29. Kg2 h6 30. Qa5 Kh7 31. g4 Qb5 32. Qxa7 Qe2+ 33. Kg3 Nf8 34.
Qxf7 Ng6 35. Qxe6 Nh4 36. Nxh4 Qe1+ 37. Kg2 Qe2+ 38. Kg3 Qe1+ 39. Kh3 Qe3+
1/2-1/2

[Event "Madrid-ch Veteranos 2016/2017"]
[Site "Madrid ESP"]
[Date "2017.01.18"]
[Round "8.12"]
[White "Suarez Mencia, Roberto"]
[Black "Pashov, Spas Nikolov"]
[Result "0-1"]
[WhiteElo "1433"]
[BlackElo "1870"]
[PlyCount "52"]
[EventDate "2017.01.09"]
[EventType "swiss"]
[EventRounds "9"]
[EventCountry "ESP"]
[SourceTitle "Ajedrez en Madrid"]
[Source "lmi"]
[SourceDate "2017.01.09"]

1. c4 Nf6 2. g3 c6 3. Bg2 d5 4. cxd5 cxd5 5. e3 e6 6. Ne2 Bd6 7. d4 O-O 8. Nbc3
a6 9. O-O b5 10. f4 Bd7 11. e4 dxe4 12. Nxe4 Bc6 13. Qc2 Nxe4 14. Bxe4 Bxe4 15.
Qxe4 Nd7 16. f5 Re8 17. Qg4 exf5 18. Rxf5 Nf6 19. Qf3 Qe7 20. Kf2 Rac8 21. Bg5
Ne4+ 22. Kg2 Nxg5 23. Qg4 Qxe2+ 24. Qxe2 Rxe2+ 25. Kf1 Rcc2 26. Rxg5 Rxh2 0-1

[Event "Madrid-ch Veteranos 2016/2017"]
[Site "Madrid ESP"]
[Date "2017.01.18"]
[Round "8.13"]
[White "Camarero Izquierdo, Juan Carlos"]
[Black "Martin-Consuegra Barrilero, Francisco Javier"]
[Result "1/2-1/2"]
[WhiteElo "1732"]
[BlackElo "1855"]
[PlyCount "84"]
[EventDate "2017.01.09"]
[EventType "swiss"]
[EventRounds "9"]
[EventCountry "ESP"]
[SourceTitle "Ajedrez en Madrid"]
[Source "lmi"]
[SourceDate "2017.01.09"]

1. d4 d6 2. Nc3 e5 3. d5 Nf6 4. e4 c6 5. Bg5 Be7 6. Bxf6 Bxf6 7. Nf3 a6 8. Qd2
c5 9. h4 Bd7 10. g3 h6 11. Bh3 Qc8 12. Bxd7+ Nxd7 13. O-O-O Nb6 14. Rdg1 Qc7
15. g4 O-O-O 16. g5 hxg5 17. hxg5 Rxh1 18. Rxh1 Be7 19. Rh7 Bf8 20. Nh4 Qd7 21.
Nf5 g6 22. Nh6 Bxh6 23. gxh6 Qe7 24. f4 Nd7 25. f5 Qf6 26. fxg6 fxg6 27. b3 g5
28. Qh2 Rg8 29. Kb2 g4 30. Ne2 Nf8 31. Rg7 Rxg7 32. hxg7 Qxg7 33. Ng3 Kc7 34.
Qh5 Qg6 35. Qh4 Nd7 36. Nf5 Nf6 37. Qe1 Nxe4 38. Qxe4 g3 39. Nxg3 Qxg3 40. a4
Qf4 41. Qh7+ Kb6 42. a5+ Ka7 1/2-1/2

[Event "Madrid-ch Veteranos 2016/2017"]
[Site "Madrid ESP"]
[Date "2017.01.18"]
[Round "8.14"]
[White "Kejo, Janne"]
[Black "Lopez Orellana, Federico"]
[Result "1-0"]
[WhiteElo "2059"]
[BlackElo "1756"]
[PlyCount "25"]
[EventDate "2017.01.09"]
[EventType "swiss"]
[EventRounds "9"]
[EventCountry "ESP"]
[SourceTitle "Ajedrez en Madrid"]
[Source "lmi"]
[SourceDate "2017.01.09"]

1. e4 d6 2. d4 Nf6 3. f3 Nbd7 4. Be3 e5 5. d5 Be7 6. c4 a5 7. Bd3 Nc5 8. Bc2
Bd7 9. Nc3 c6 10. Nge2 Rb8 11. O-O O-O 12. Bxc5 Nxd5 13. cxd5 1-0

[Event "Madrid-ch Veteranos 2016/2017"]
[Site "Madrid ESP"]
[Date "2017.01.18"]
[Round "8.15"]
[White "De Juan Rivas, Antonio"]
[Black "Alvarez Abejon, Amilcar"]
[Result "0-1"]
[WhiteElo "1682"]
[BlackElo "1979"]
[PlyCount "80"]
[EventDate "2017.01.09"]
[EventType "swiss"]
[EventRounds "9"]
[EventCountry "ESP"]
[SourceTitle "Ajedrez en Madrid"]
[Source "lmi"]
[SourceDate "2017.01.09"]

1. f4 d5 2. Nf3 Bg4 3. e3 g6 4. h3 Bxf3 5. Qxf3 Bg7 6. Nc3 Nf6 7. d3 c5 8. Be2
Nc6 9. O-O O-O 10. f5 d4 11. Ne4 Nd5 12. Nxc5 Nxe3 13. Bxe3 dxe3 14. c3 Rc8 15.
Rad1 Qa5 16. Nd7 Ne5 17. Nxe5 Qxe5 18. d4 Qa5 19. Qxe3 Qxa2 20. Qd2 Qb3 21. Ra1
a6 22. Ra3 Qb6 23. Kh1 Rfd8 24. fxg6 hxg6 25. Bd1 Bf6 26. Rb3 Qc7 27. Bg4 Rb8
28. Qe2 Kg7 29. Bf3 a5 30. d5 Rh8 31. c4 Rh4 32. Bg4 Rbh8 33. Re3 Qb6 34. b3
Rxg4 35. d6 e5 36. Rd3 Rd4 37. Qf2 Qxd6 38. Rxd4 exd4 39. c5 Qc6 40. Kg1 Rh5
0-1

[Event "Madrid-ch Veteranos 2016/2017"]
[Site "Madrid ESP"]
[Date "2017.01.18"]
[Round "8.18"]
[White "Martinez Pintor, Juan"]
[Black "Rueda Maria, Ramiro"]
[Result "1-0"]
[WhiteElo "1664"]
[BlackElo "1860"]
[PlyCount "61"]
[EventDate "2017.01.09"]
[EventType "swiss"]
[EventRounds "9"]
[EventCountry "ESP"]
[SourceTitle "Ajedrez en Madrid"]
[Source "lmi"]
[SourceDate "2017.01.09"]

1. d4 d5 2. c4 c6 3. Nc3 Nf6 4. e3 g6 5. Nf3 Bg7 6. cxd5 cxd5 7. Bb5+ Bd7 8.
Be2 O-O 9. b3 Nc6 10. O-O Bf5 11. Nh4 Bd7 12. Bd3 Rc8 13. Bb2 Nb4 14. Bb1 Re8
15. a3 Nc6 16. f4 Bg4 17. Qe1 e6 18. Bd3 a6 19. Rc1 Qb6 20. b4 Bf5 21. Nxf5
exf5 22. Na4 Qd8 23. Nc5 Rc7 24. Nxb7 Rxb7 25. Rxc6 Ng4 26. Rf3 Rbe7 27. Qc1
Nxe3 28. Bxa6 Nc4 29. Rf1 Nxb2 30. Qxb2 Re2 31. Bxe2 1-0

[Event "Madrid-ch Veteranos 2016/2017"]
[Site "Madrid ESP"]
[Date "2017.01.18"]
[Round "8.20"]
[White "Hernandez Garcia, Carlos"]
[Black "Cupeiro Fernandez, Manuel"]
[Result "1-0"]
[WhiteElo "1735"]
[BlackElo "1525"]
[PlyCount "73"]
[EventDate "2017.01.09"]
[EventType "swiss"]
[EventRounds "9"]
[EventCountry "ESP"]
[SourceTitle "Ajedrez en Madrid"]
[Source "lmi"]
[SourceDate "2017.01.09"]

1. e4 d6 2. d4 Nf6 3. Nc3 c6 4. Nf3 Bg4 5. Be2 e6 6. O-O Be7 7. h3 Bxf3 8. Bxf3
O-O 9. Qe2 h6 10. e5 Nh7 11. Be4 d5 12. Bd3 Nd7 13. Nd1 f5 14. exf6 Rxf6 15.
Ne3 Ndf8 16. Ng4 Rf7 17. Bxh6 Bg5 18. Bxg5 Qxg5 19. c3 Nf6 20. f4 Qh4 21. Ne5
Re7 22. Kh2 Qh6 23. g4 Qh4 24. g5 N6d7 25. Ng4 Rae8 26. Rg1 Rf7 27. Raf1 Rfe7
28. g6 Nf6 29. Nxf6+ Qxf6 30. Qh5 a6 31. Rg4 e5 32. Rh4 Qxh4 33. Qxh4 e4 34.
Be2 Nxg6 35. Qg5 Nf8 36. f5 Nd7 37. Bh5 1-0

[Event "Madrid-ch Veteranos 2016/2017"]
[Site "Madrid ESP"]
[Date "2017.01.18"]
[Round "8.21"]
[White "Martinez De La Puente, Ignacio"]
[Black "Infante Martin, Alonso"]
[Result "1-0"]
[WhiteElo "1706"]
[BlackElo "1396"]
[PlyCount "97"]
[EventDate "2017.01.09"]
[EventType "swiss"]
[EventRounds "9"]
[EventCountry "ESP"]
[SourceTitle "Ajedrez en Madrid"]
[Source "lmi"]
[SourceDate "2017.01.09"]

1. e4 e5 2. Nf3 Nc6 3. Bc4 Nf6 4. d3 d6 5. h3 Be7 6. Be3 Na5 7. Bb5+ c6 8. Ba4
b5 9. Bb3 Nxb3 10. axb3 a6 11. O-O O-O 12. b4 Ne8 13. Nbd2 f5 14. exf5 Bxf5 15.
Ne4 Qd7 16. Nh2 Kh8 17. Ng3 Be6 18. Qd2 Qd8 19. Ne4 d5 20. Nc5 Bc8 21. Qe2 d4
22. Bd2 Bxc5 23. bxc5 Qe7 24. b4 Ra7 25. Rae1 Rf5 26. f4 Qe6 27. g4 Rf8 28.
Qxe5 Re7 29. Qxd4 Qd7 30. Qxd7 Rxd7 31. Nf3 h6 32. Ne5 Rc7 33. Ng6+ Kg8 34.
Nxf8 Kxf8 35. Re5 Nf6 36. Kg2 Kf7 37. g5 Nd7 38. Re4 h5 39. Rfe1 Nf8 40. Re5 g6
41. Re8 Ne6 42. Rh8 Nf8 43. Bc3 Be6 44. Rxf8+ Kxf8 45. Rxe6 Re7 46. Rxe7 Kxe7
47. Kf3 Ke6 48. Ke4 h4 49. Be1 1-0

[Event "Madrid-ch Veteranos 2016/2017"]
[Site "Madrid ESP"]
[Date "2017.01.18"]
[Round "8.22"]
[White "Ramos Antona, Enrique"]
[Black "Calderon Martin, Antonio"]
[Result "1/2-1/2"]
[WhiteElo "1593"]
[BlackElo "1699"]
[PlyCount "57"]
[EventDate "2017.01.09"]
[EventType "swiss"]
[EventRounds "9"]
[EventCountry "ESP"]
[SourceTitle "Ajedrez en Madrid"]
[Source "lmi"]
[SourceDate "2017.01.09"]

1. d4 Nf6 2. c4 e5 3. dxe5 Ng4 4. Nf3 Bc5 5. e3 Nc6 6. h3 Ngxe5 7. b3 O-O 8.
Bb2 Re8 9. Be2 Nxf3+ 10. Bxf3 Bf8 11. O-O d6 12. Bxc6 bxc6 13. Qf3 Qg5 14. Nc3
Rb8 15. Rad1 Bb7 16. Rfe1 Re6 17. Ne4 Qe7 18. Ng3 c5 19. Qe2 Rg6 20. e4 Re8 21.
Rd3 Qh4 22. Re3 Rge6 23. Qg4 Qxg4 24. hxg4 g6 25. f3 Bg7 26. Bxg7 Kxg7 27. Kf2
Kf6 28. Ne2 Kg7 29. Nc3 1/2-1/2

[Event "Madrid-ch Veteranos 2016/2017"]
[Site "Madrid ESP"]
[Date "2017.01.18"]
[Round "8.23"]
[White "Cortijo Manso, Luis"]
[Black "Martinez Martinez, Javier Ii"]
[Result "1/2-1/2"]
[WhiteElo "1489"]
[BlackElo "1711"]
[PlyCount "68"]
[EventDate "2017.01.09"]
[EventType "swiss"]
[EventRounds "9"]
[EventCountry "ESP"]
[SourceTitle "Ajedrez en Madrid"]
[Source "lmi"]
[SourceDate "2017.01.09"]

1. Nf3 Nf6 2. c4 g6 3. Nc3 Bg7 4. g3 d6 5. Bg2 O-O 6. O-O c6 7. d4 Nbd7 8. e4
Nb6 9. b3 Bg4 10. h3 Bxf3 11. Bxf3 e5 12. dxe5 dxe5 13. Qxd8 Raxd8 14. c5 Nc8
15. Bg2 h5 16. Bg5 Rd3 17. Na4 Nh7 18. Be3 Rfd8 19. h4 Bf8 20. Nb2 Rxe3 21.
fxe3 Bxc5 22. Nc4 b5 23. Rad1 Rxd1 24. Rxd1 bxc4 25. Rd8+ Kg7 26. Rxc8 Bxe3+
27. Kf1 cxb3 28. axb3 c5 29. Ra8 Nf6 30. Ke2 Bd4 31. Rd8 Ng4 32. Rd7 Nf6 33.
Rd8 Ng4 34. Rd7 Nf6 1/2-1/2

[Event "Madrid-ch Veteranos 2016/2017"]
[Site "Madrid ESP"]
[Date "2017.01.18"]
[Round "8.26"]
[White "Perales Hernandez, Manuel"]
[Black "Villodre Miranda, Juan Alonso"]
[Result "0-1"]
[WhiteElo "1306"]
[BlackElo "1652"]
[PlyCount "86"]
[EventDate "2017.01.09"]
[EventType "swiss"]
[EventRounds "9"]
[EventCountry "ESP"]
[SourceTitle "Ajedrez en Madrid"]
[Source "lmi"]
[SourceDate "2017.01.09"]

1. e4 c5 2. e5 g6 3. c3 d6 4. Qa4+ Bd7 5. Qb3 Qc7 6. Na3 a6 7. Bc4 e6 8. Nf3
dxe5 9. Bd3 b5 10. c4 b4 11. Nc2 Bc6 12. Be2 Bg7 13. Qe3 Nd7 14. b3 e4 15. Rb1
exf3 16. Bxf3 Ngf6 17. Bb2 O-O 18. O-O Qb7 19. d4 Bxf3 20. gxf3 Rac8 21. a3 a5
22. axb4 axb4 23. Ra1 cxd4 24. Nxd4 Ra8 25. Rad1 Ra2 26. Qc1 e5 27. Qb1 Rfa8
28. Nb5 Qxf3 29. Rd3 Qe2 30. Bxe5 Qxe5 31. Re3 Qb2 32. Qe1 Ra1 33. Qxb4 Rxf1+
34. Kxf1 Ra1+ 35. Kg2 Qb1 36. Rg3 Qf1+ 37. Kf3 Ne5+ 38. Kf4 Nh5+ 39. Ke4 Nxg3+
40. hxg3 Qd3+ 41. Kf4 Qf3+ 42. Kg5 h6+ 43. Kh4 Qg4# 0-1

[Event "Madrid-ch Veteranos 2016/2017"]
[Site "Madrid ESP"]
[Date "2017.01.18"]
[Round "8.27"]
[White "Beekhof Harmsen, Willen"]
[Black "Martinez Carrasco, Jesus"]
[Result "0-1"]
[WhiteElo "1555"]
[BlackElo "1636"]
[PlyCount "118"]
[EventDate "2017.01.09"]
[EventType "swiss"]
[EventRounds "9"]
[EventCountry "ESP"]
[SourceTitle "Ajedrez en Madrid"]
[Source "lmi"]
[SourceDate "2017.01.09"]

1. Nf3 d5 2. g3 Nf6 3. b3 g6 4. Bb2 Bg7 5. Bg2 O-O 6. O-O Nbd7 7. d3 Re8 8.
Nbd2 c5 9. Re1 b6 10. c4 Bb7 11. cxd5 Bxd5 12. e4 Bb7 13. Qc2 e5 14. Nc4 Qc7
15. Ne3 a5 16. a4 Rac8 17. Rac1 Kh8 18. Ng5 Rf8 19. Qc4 Kg8 20. d4 h6 21. Ne6
fxe6 22. Qxe6+ Kh8 23. dxe5 Rce8 24. Qd6 Qxd6 25. exd6 Bxe4 26. f3 Bd5 27. Nxd5
Nxd5 28. Bxg7+ Kxg7 29. f4 Nb4 30. Rxe8 Rxe8 31. Bh3 Nf6 32. d7 Rd8 33. Rd1
Nbd5 34. Be6 Nc7 35. f5 gxf5 36. Bxf5 Kf7 37. Rd6 Ke7 38. Rc6 Na8 39. Re6+ Kf7
40. Rd6 Nc7 41. Rc6 Na8 42. Rc8 Ke7 43. g4 Nxd7 44. Bxd7 Kxd7 45. Rxd8+ Kxd8
46. h4 Nc7 47. g5 hxg5 48. hxg5 Ne6 49. g6 Ke7 50. Kf2 Nd4 51. Ke3 Nxb3 52. Kd3
Nd4 53. Kc4 Kf6 54. Kd3 Kxg6 55. Kc4 Kf5 56. Kd5 Kf4 57. Kc4 Ke3 58. Kc3 Ke2
59. Kc4 Kd2 0-1

[Event "Madrid-ch Veteranos 2016/2017"]
[Site "Madrid ESP"]
[Date "2017.01.18"]
[Round "8.28"]
[White "Rufo Yebra, Benito"]
[Black "Benitez Cadenas, Luis Miguel"]
[Result "0-1"]
[WhiteElo "1352"]
[BlackElo "1595"]
[PlyCount "74"]
[EventDate "2017.01.09"]
[EventType "swiss"]
[EventRounds "9"]
[EventCountry "ESP"]
[SourceTitle "Ajedrez en Madrid"]
[Source "lmi"]
[SourceDate "2017.01.09"]

1. e4 e6 2. Nf3 c5 3. c4 Nc6 4. b3 d5 5. exd5 exd5 6. Be2 Be7 7. O-O Bf6 8. d4
cxd4 9. Bd3 dxc4 10. Re1+ Nge7 11. bxc4 Qb6 12. Bg5 Bxg5 13. Nxg5 h6 14. Nxf7
Kxf7 15. Qf3+ Kg8 16. Nd2 Qa5 17. Nb3 Qg5 18. c5 Bf5 19. Bc4+ Kh7 20. Bd3 Rhf8
21. Re6 Bxd3 22. Qxd3+ Qf5 23. Re4 Qxf2+ 24. Kh1 Kh8 25. Nxd4 Rad8 26. Qc4 Rxd4
27. Rxd4 Qxd4 28. Qc1 Rf2 29. h3 Nf5 30. Rb1 Qe4 31. Qg1 Ng3+ 32. Kh2 Qf4 33.
Qd1 Nf1+ 34. Kg1 Ne3 35. Qf3 Rxg2+ 36. Qxg2 Nxg2 37. Kxg2 Qe4+ 0-1

[Event "Madrid-ch Veteranos 2016/2017"]
[Site "Madrid ESP"]
[Date "2017.01.18"]
[Round "8.29"]
[White "Sierra Garcia, Ricardo"]
[Black "Perez Ramos, Miguel Angel"]
[Result "1-0"]
[WhiteElo "1454"]
[BlackElo "1188"]
[PlyCount "85"]
[EventDate "2017.01.09"]
[EventType "swiss"]
[EventRounds "9"]
[EventCountry "ESP"]
[SourceTitle "Ajedrez en Madrid"]
[Source "lmi"]
[SourceDate "2017.01.09"]

1. e4 e5 2. Nf3 Nc6 3. Bb5 Bc5 4. O-O Nf6 5. Nc3 a6 6. Ba4 b5 7. Bb3 O-O 8. a3
Bb7 9. Ba2 Bd4 10. d3 Ne7 11. Ne2 c5 12. c3 Bxf2+ 13. Rxf2 Ng4 14. Rf1 d5 15.
h3 Nf6 16. Ng3 Ng6 17. Bg5 Qb6 18. Bxf6 Qxf6 19. Nd2 Qe6 20. Nf5 c4 21. exd5
Bxd5 22. dxc4 bxc4 23. Ne3 Rac8 24. Nxd5 Qxd5 25. Nf3 Qc5+ 26. Kh1 Rfd8 27. b4
Qe3 28. Qe1 Qf4 29. Bb1 f5 30. Nh2 Qg5 31. Bxf5 Nf4 32. Qe4 Rc7 33. Ng4 Rf7 34.
Rxf4 exf4 35. Be6 Qg6 36. Qxg6 hxg6 37. Rf1 g5 38. Bxc4 g6 39. Ne5 Rdf8 40.
Nxf7 Kg7 41. Nxg5 Kh6 42. Ne6 Rc8 43. Rxf4 1-0

[Event "Madrid-ch Veteranos 2016/2017"]
[Site "Madrid ESP"]
[Date "2017.01.19"]
[Round "9.1"]
[White "Elissalt Cardenas, Hector"]
[Black "Pastor Alonso de Prado, Emilio Alberto"]
[Result "1/2-1/2"]
[WhiteElo "2379"]
[BlackElo "2113"]
[PlyCount "81"]
[EventDate "2017.01.09"]
[EventType "swiss"]
[EventRounds "9"]
[EventCountry "ESP"]
[SourceTitle "Ajedrez en Madrid"]
[Source "lmi"]
[SourceDate "2017.01.09"]

1. d4 d5 2. c4 e6 3. Nc3 Nf6 4. Bg5 Be7 5. e3 h6 6. Bxf6 Bxf6 7. Nf3 c5 8. cxd5
exd5 9. Bb5+ Nc6 10. dxc5 O-O 11. O-O Qa5 12. Qa4 Bxc3 13. bxc3 Qxc3 14. Bxc6
bxc6 15. Qxc6 Be6 16. Nd4 Rfc8 17. Rac1 Rxc6 18. Rxc3 Ra6 19. a3 Kf8 20. Rb1
Ke8 21. c6 Rb6 22. Rxb6 axb6 23. f4 Bc8 24. Rb3 Kd8 25. Rxb6 Rxa3 26. Kf2 Ra2+
27. Kf3 Kc7 28. Rb3 Ba6 29. h3 Ra1 30. Rb2 Ra3 31. g4 Ra1 32. h4 Rf1+ 33. Kg2
Rd1 34. Nf5 Kxc6 35. Nxg7 Bd3 36. Nh5 Re1 37. Kf2 Rf1+ 38. Kg3 Re1 39. Kf2 Rf1+
40. Kg3 Re1 41. Kf2 1/2-1/2